000 00360nam a22001217a 4500
082 _a621.56
_bHUT
_cL-8, P-25
245 _aDesign of refrigeration system for air conditioning
_cF.W. Hutchinson
260 _aNew York
_bThe Industrial Press
_c1963
300 _axi, 291p. :
526 _a0
_b0
_c0
_d621_560000000000000_HUT
650 _aMCE
_9379
942 _2ddc
_cBK
999 _c545877
_d545877